Datum a čas kvízu
26.5
Celkem bodů
Celkový počet nahraných bodů na tomto kvízu bez doplňovacích otázek.
11.
Pořadí na kvízu
Konečné umístění týmu na tomto kvízu.
Zaznamenané odpovědi
| # | Otázka | Odpověď | Body | Výsledky |
|---|---|---|---|---|
| 1. | Centrum pro výzkum veřejného m... | 0 | ||
| 2. | Polská policie musela ve střed... | 1 | ||
| 3. | V letošní písňové soutěži Euro... | 0 | ||
| 4. | Slovensko na Den vítězství zač... | 1 | ||
| 5. | Fotbalisté jistého klubu vytvo... | 1 | ||
| 6. | Také se Vám někdy stane, že v... | 0 | ||
| 7. | Okrajový; mezní; podružný, ned... | 0 | ||
| 8. | V zimě často slyšíme, že silni... | 1 | ||
| 9. | Pojmenujte česky slovo bilater... | 1 | ||
| 10. | Jaký je význam slova frigidní,... | 1 |